Information systems development : (Record no. 762)

MARC details
000 -LEADER
fixed length control field 00709nam a2200217 a 4500
001 - CONTROL NUMBER
control field 762
005 - DATE AND TIME OF LATEST TRANSACTION
control field 20221127090020.0
008 - FIXED-LENGTH DATA ELEMENTS--GENERAL INFORMATION
fixed length control field 050920s lxxka | 00100 eng d
020 ## - INTERNATIONAL STANDARD BOOK NUMBER
International Standard Book Number 0077096266(pbk) :
Terms of availability SR157.00
035 ## - SYSTEM CONTROL NUMBER
System control number 775
082 04 - DEWEY DECIMAL CLASSIFICATION NUMBER
Classification number 004.21
Item number Av56 2003
100 1# - MAIN ENTRY--PERSONAL NAME
Personal name Avison, David.
245 10 - TITLE STATEMENT
Title Information systems development :
Remainder of title methodologies, techniques & tools /
Statement of responsibility, etc. David Avison, Guy Fitzgerald.
260 ## - PUBLICATION, DISTRIBUTION, ETC.
Place of publication, distribution, etc. London ;
-- Boston :
Name of publisher, distributor, etc. McGraw-Hill,
Date of publication, distribution, etc. 2003.
250 ## - EDITION STATEMENT
Edition statement 3rd ed.
300 ## - PHYSICAL DESCRIPTION
Extent xv, 592 p. :
Other physical details ill. ;
Dimensions 25 cm.
504 ## - BIBLIOGRAPHY, ETC. NOTE
Bibliography, etc. note Includes bibl. references and index
650 #4 - SUBJECT ADDED ENTRY--TOPICAL TERM
Topical term or geographic name entry element Information storage and retrieval systems.
650 #4 - SUBJECT ADDED ENTRY--TOPICAL TERM
Topical term or geographic name entry element System analysis.
700 1# - ADDED ENTRY--PERSONAL NAME
Personal name Fitzgerald, Guy,
Relator term jt. auth.
Holdings
Withdrawn status Lost status Source of classification or shelving scheme Damaged status Not for loan Home library Current library Date acquired Total Checkouts Full call number Barcode Date last seen Copy number Price effective from Koha item type
          CENTRAL CENTRAL 11/27/2022   004.21 Av56 2003 1000000000989 11/27/2022 C2 11/27/2022 Book
          CENTRAL KHOBAR 11/27/2022   004.21 Av56 2003 1000000000990 11/27/2022 C1 11/27/2022 Book